Estudios de arquitectura colonial Hispano Americana

Gespeichert in:
Bibliographische Detailangaben
1. Verfasser: Buschiazzo, Mario J (VerfasserIn)
Format: Buch
Sprache:Spanisch
Veröffentlicht: Madrid Kalam 2014
Ausgabe:1a. ed
Schlagworte:
Tags: Tag hinzufügen
Keine Tags, Fügen Sie den ersten Tag hinzu!

MARC

LEADER 00000cam a2200000 a 4500
001 UCE6429
003 CL-VaPUC
008 150409e20140000sp |||||||||||||||||spa|d
082 0 4 |a 724.1  |b BUS  |2 21 
100 0 |a Buschiazzo, Mario J  |e author  |9 579095 
245 1 0 |a Estudios de arquitectura colonial Hispano Americana 
250 |a 1a. ed 
300 |a 275 p 
942 |c BK 
945 |d 20150409 10:07:00  |a arojas 
260 |a Madrid  |b Kalam  |c 2014 
650 0 |a Arquitectura colonial  |9 266240 
650 0 |a Diseño arquitectónico   |9 265271 
650 0 |a Vivienda  |9 258662 
650 0 |a Edificios religiosos  |9 335394 
650 0 |a Monumentos  |9 265246 
650 0 |a Iglesia   |9 255004 
651 0 |a Hispanoamérica   |9 337366 
583 |a last modification  |c 20150409 10:07:00  |k Rodrigo Vera 
999 |c 358761  |d 358759 
952 |0 0  |1 0  |3 erd  |4 0  |6 724_100000000000000_BUS_2014  |7 0  |8 A  |9 467650  |a BIBARQ  |b BIBARQ  |i 5145325  |l 5  |o 724.1 BUS 2014  |p 5145325  |r 2025-01-20  |s 2023-03-21  |w 2019-11-23  |y BK  |z Catalogado en:20150409  |k ARQ